000 00311nam a2200121Ia 4500
008 190216s9999||||xx |||||||||||||| ||und||
100 _aSoni P L & Chawla H M
245 0 _aText Book Of Organic Chemistry
260 _bSulthan Chand&Sons
_c2003
300 _a1449
650 _aOrganic Chemistry
942 _cBK
999 _c2060
_d2060